Ver para creer. La Información ciudadana en América Central: un estudio desde la sociedad civil
Zapisane w:
| 1. autor: | |
|---|---|
| Format: | Texto |
| Wydane: |
San José:
Fundacion Acceso. IDRC
|
| Hasła przedmiotowe: | |
| Etykiety: |
Dodaj etykietę
Nie ma etykietki, Dołącz pierwszą etykiete!
|
MARC
| LEADER | 00000 a a2200000 04500 | ||
|---|---|---|---|
| 001 | 31298 | ||
| 003 | |||
| 040 | |||
| 020 | |a 9968-862-09-6 | ||
| 090 | |a 198001 | ||
| 100 | |a Martinez Franzoni, Juliana | ||
| 245 | |a Ver para creer. La Información ciudadana en América Central: un estudio desde la sociedad civil | ||
| 260 | |a San José: |b Fundacion Acceso. IDRC | ||
| 300 | |a 350 p. | ||
| 650 | |a ADMINISTRACION DE LA INFORMACION | ||
| 650 | |a PARTICIPACION DEL ESTADO | ||
| 650 | |a GRUPOS POPULARES | ||
| 650 | |a PARTICIPACION POLITICA | ||
| 650 | |a PARTICIPACION SOCIAL | ||
| 650 | |a SOCIEDAD CIVIL | ||
| 650 | |a ACCION COLECTIVA | ||
| 999 | |c 11967 |d 11967 | ||



